000 01126nam a2200229Ia 4500
001 L140-940D
003 IT-CnALBA
008 170116s9999||||xx |||||||||||||| ||und||
040 _aIT-CnALBA
_cIT-CnALBA
041 _aITALIANO
100 _aHEGEL FRIEDRICH
245 0 _aFENOMENOLOGIA DELLO SPIRITO.
250 _a1a ed.
260 _aMILANO
_bRUSCONI, EDITORE
_c1995 [1° Ed.:1995 - Ed.Ling.Originale: 1995]
300 _a1148 p.
500 _aCURATORE CICERO V. ITALINO E TESTO TEDESCO A FRONTE. CRONOLOGIA DELLE OPERE DI HEGEL. LA COSCIENZA SCIENTIFICA. COSCIENZA AUTOCOSCIENZA. RAGIONE. CERTEZZA E VERITÀ DELLA RELIGIONE. LO SPIRITO. LA RELIGIONE. IL SAPERE ASSOLUTO.
501 _aSocietà San Paolo EM - Piazza San Paolo, 14 - 12051 ALBA (CN) (non commercial uses only) ® Copyright 2017
520 _aCURATORE CICERO V. ITALINO E TESTO TEDESCO A FRONTE. CRONOLOGIA DELLE OPERE DI HEGEL. LA COSCIENZA SCIENTIFICA. COSCIENZA AUTOCOSCIENZA. RAGIONE. CERTEZZA E VERITÀ DELLA RELIGIONE. LO SPIRITO. LA RELIGIONE. IL SAPERE ASSOLUTO.
650 _aSISTEMI FILOSOFICI
942 _cBK
957 _71
999 _a52190
_bNO
_g Copie: 1
_c304879
_d304879